000 00288nam a2200121Ia 4500
008 190216s9999||||xx |||||||||||||| ||und||
100 _aDhar V L
245 0 _aNumerical Problems In Physics;
260 _bSulthan Chand&Sons
_c1986
300 _a30.16p
650 _aPhysics
942 _cBK
999 _c33019
_d33019